English Lyrics in Supernova by aespa - Statistics

General Stats
  • This quiz has been taken 185 times
  • The average score is 109 of 165
Answer Stats
Answer % Correct
Supernova
99%
A
95%
So
93%
Of
92%
Bang
88%
Go
88%
Me
88%
Can’t
86%
Look
86%
Stop
86%
I’m
85%
Kind
85%
Like
85%
At
84%
Body
83%
Nova
83%
(Nova)
83%
Some
82%
Out
81%
Watch
81%
The
80%
It
79%
Star
79%
Hyperstellar
78%
(Hyperstellar)
78%
Light
78%
Bring
77%
Feel
77%
Make
76%
To
76%
Hot
75%
Special
75%
Dying
74%
Ah
73%
It’s
71%
Bomb
70%
Oh
70%
That
70%
Tick
70%
Right
69%
My
68%
(Drop)
67%
Name
65%
Don’t
64%
Forget
63%
Explosion
62%
Too
62%
Energy
59%
About
58%
Discord
58%
Su-su-su
54%
Control
53%
Queen
52%
Core
47%
Scene
47%
Tell
47%
Under
46%
Ayy
35%
Ah-oh
26%
Yeah
22%
New
15%
Yell
4%
Noca
3%
No matching quizzes found
Score Distribution
Percent of People with Each Score
Percentile by Number Answered
Your Score History
You have not taken this quiz